TEXTBOOK OF WOOD TECHNOLOGY STRUCTURE INDENTIFICATION DEFECTS AND USES OF THE COMMERCIAL WOODS OF THE UNITED STATES (Record no. 567686)
[ view plain ]
| 000 -LEADER | |
|---|---|
| fixed length control field | 00366nam a22001097a 4500 |
| 082 ## - DEWEY DECIMAL CLASSIFICATION NUMBER | |
| Classification number | 684.08 BRU'T |
| 100 ## - MAIN ENTRY--PERSONAL NAME | |
| Personal name | FORSAITH, C. C,BROWN, H. P,PANSHIN, A. J |
| 9 (RLIN) | 57397 |
| 245 ## - TITLE STATEMENT | |
| Title | TEXTBOOK OF WOOD TECHNOLOGY STRUCTURE INDENTIFICATION DEFECTS AND USES OF THE COMMERCIAL WOODS OF THE UNITED STATES |
| 250 ## - EDITION STATEMENT | |
| Edition statement | VOL-1 |
| 260 ## - PUBLICATION, DISTRIBUTION, ETC. | |
| Place of publication, distribution, etc. | NEWYORK |
| Name of publisher, distributor, etc. | MCGRAW HILL |
| Date of publication, distribution, etc. | 1949 |
| 942 ## - ADDED ENTRY ELEMENTS (KOHA) | |
| Koha item type | Book |
| Withdrawn status | Lost status | Damaged status | Not for loan | Permanent Location | Current Location | Shelving location | Date acquired | Total Checkouts | Full call number | Barcode | Date last seen | Price effective from | Koha item type |
|---|---|---|---|---|---|---|---|---|---|---|---|---|---|
| College of Electrical & Mechanical Engineering (CEME) | College of Electrical & Mechanical Engineering (CEME) | General Stacks | 07/13/2017 | 684.08 BRU'T | CEME-4096 | 06/28/2021 | 06/28/2021 | Book |
